000 00780cam a2200205 4500
001 WB3705-04
008 000000n2001 000 0 eng u
035 _a(Sirsi) u110636
245 _aSlow trading for builders predicted
260 _c2001
490 _aContract Journal
_v407(6311) 24 January 2001, 6(1)
520 _aFindings of the Federation of Master Builders' trade survey for 4Q 2000 indicate that British builders face a difficult start to 2001. While 46% reported a rise in workload at the end of 2000, just 6% predicted an increase in the 1Q 2001.
590 _aWB
650 _aFEDERATION OF MASTER BUILDERS
650 _aFORECASTS
650 _aSURVEYS
650 _aCONSTRUCTION MARKET
690 _aBUILT ENVIRONMENT-CONSTRUCTION MARKET
942 _n0
999 _c65927
_d65927